[Event "GER-chT U16"]
[Site "Kiel"]
[Date "2022.07.24"]
[Round "3.8"]
[White "Danninger, Jannik"]
[Black "Hahn, Peter"]
[Result "1-0"]
[WhiteElo "1840"]
[BlackElo "1670"]
[PlyCount "57"]
[EventDate "2022.07.22"]
[EventType "team-swiss"]
[EventRounds "7"]
[EventCountry "GER"]
[SourceTitle "CBM 209 Extra"]
[Source "ChessBase"]
[SourceDate "2022.09.30"]
[SourceVersion "1"]
[SourceVersionDate "2022.09.30"]
[SourceQuality "1"]
[WhiteTeam "Tegernsee"]
[BlackTeam "Kelheim"]
[WhiteTeamCountry "GER"]
[BlackTeamCountry "GER"]

1. e4 c6 2. d4 d5 3. exd5 cxd5 4. Bd3 Nc6 5. c3 Qc7 6. Ne2 Bg4 7. f3 Bh5 8. Bf4 Qc8 9. 0-0 e6 10. Bg3 Bg6 11. Re1 Bxd3 12. Qxd3 Nf6 13. Nd2 Nh5 14. f4 Bd6 15. f5 Nxg3 16. Nxg3 0-0 17. f6 gxf6 18. Nh5 f5 19. Qe3 f4 20. Nxf4 Bxf4 21. Qxf4 f5 22. Re3 Rf6 23. Rae1 Qd7 24. Nf3 Re8 25. Kh1 Rg6 26. h3 h6 27. Nh4 Rg5 28. Rg3 Qg7 29. Nxf5 1-0

[Event "DSOL 03 Liga Gr-A 1st"]
[Site "Playchess.com INT"]
[Date "2020.07.22"]
[Round "5.1"]
[White "Leitzke, Walter"]
[Black "Danninger, Jannik"]
[Result "1-0"]
[WhiteElo "1877"]
[BlackElo "2028"]
[PlyCount "99"]
[EventDate "2020.06.22"]
[EventType "team-tourn (rapid)"]
[EventCountry "GER"]
[SourceTitle "EXT 2021"]
[Source "ChessBase"]
[SourceDate "2020.10.23"]
[SourceVersion "1"]
[SourceVersionDate "2020.10.23"]
[SourceQuality "1"]
[WhiteTeam "Braunschweig Gliesmarode"]
[BlackTeam "Tegernsee"]
[WhiteTeamCountry "GER"]
[BlackTeamCountry "GER"]

1. d4 d5 2. Nf3 Nf6 3. Bf4 Bf5 4. e3 e6 5. c4 Bd6 6. Bg3 0-0 7. Nc3 c6 8. Qb3 Bxg3 9. hxg3 Qb6 10. c5 Qc7 11. Ne5 Nbd7 12. Nxd7 Nxd7 13. Be2 Bg6 14. Bh5 e5 15. Bxg6 fxg6 16. 0-0 Rf7 17. Rac1 Raf8 18. Ne2 g5 19. dxe5 Nxe5 20. Nd4 Qd7 21. e4 Kh8 22. exd5 cxd5 23. Rce1 Re7 24. Qc3 Nc4 25. b3 Ne5 26. Qd2 Nc6 27. Rxe7 Qxe7 28. Re1 Qxc5 29. Ne6 Qd6 30. Nxf8 Qxf8 31. Qxd5 h6 32. Qd7 Kh7 33. Qxb7 Qc5 34. Re6 Qd5 35. Re1 Qd2 36. Kf1 Qd3+ 37. Kg1 Qd2 38. Rf1 Nd4 39. Qe4+ Kg8 40. Re1 Nc2 41. Re2 Qd1+ 42. Kh2 Nd4 43. Re1 Qd2 44. Qe3 Qb2 45. Rd1 Nf5 46. Qe6+ Kh7 47. Qxf5+ g6 48. Rd7+ Kg8 49. Qf7+ Kh8 50. Qh7# 1-0

[Event "GER-chT Lands U20"]
[Site "Wuerzburg"]
[Date "2019.10.05"]
[Round "6.9"]
[White "Danninger, Jannik"]
[Black "Moeller, Hannah Sophie"]
[Result "1-0"]
[WhiteElo "1990"]
[BlackElo "1859"]
[PlyCount "91"]
[EventDate "2019.10.01"]
[EventType "team-swiss"]
[EventRounds "7"]
[EventCountry "GER"]
[SourceTitle "EXT 2020"]
[Source "ChessBase"]
[SourceDate "2019.10.17"]
[SourceVersion "1"]
[SourceVersionDate "2019.10.17"]
[SourceQuality "1"]
[WhiteTeam "Bayern II"]
[BlackTeam "Bremen/Niedersachsen"]
[WhiteTeamCountry "GER"]
[BlackTeamCountry "GER"]

1. e4 g6 2. f4 Bg7 3. Nf3 d6 4. d4 Nd7 5. Nc3 a6 6. a4 e6 7. Be3 b6 8. Bd3 Bb7 9. Qd2 Ne7 10. g4 f5 11. Ng5 Nf8 12. h3 c5 13. dxc5 dxc5 14. 0-0-0 Qd7 15. exf5 exf5 16. gxf5 Nxf5 17. Rhe1 0-0-0 18. Bxf5 gxf5 19. Nf7 Qxd2+ 20. Bxd2 Bf3 21. Nxd8 Kxd8 22. Ne2 Kc7 23. Bc3 Bxc3 24. bxc3 Ng6 25. Rd3 Bxe2 26. Rxe2 Nxf4 27. Re7+ Kc6 28. Rdd7 Nxh3 29. Rxh7 Rxh7 30. Rxh7 Ng5 31. Rh6+ Kc7 32. Rf6 Ne4 33. Rxf5 Nxc3 34. a5 Ne4 35. Kb2 Kc6 36. Re5 Nd6 37. Kb3 bxa5 38. Ka4 Kb6 39. Re6 Kc6 40. Kxa5 Kd5 41. Rh6 Nc4+ 42. Kxa6 Ne3 43. Kb5 Kd4 44. Rh4+ Kc3 45. Rh3 Kd4 46. Rxe3 1-0

[Event "GER-chT Lands U20"]
[Site "Wuerzburg"]
[Date "2019.10.04"]
[Round "4.3"]
[White "Danninger, Jannik"]
[Black "Eilenberg, Jonas"]
[Result "0-1"]
[WhiteElo "1990"]
[BlackElo "2050"]
[PlyCount "106"]
[EventDate "2019.10.01"]
[EventType "team-swiss"]
[EventRounds "7"]
[EventCountry "GER"]
[SourceTitle "EXT 2020"]
[Source "ChessBase"]
[SourceDate "2019.10.17"]
[SourceVersion "1"]
[SourceVersionDate "2019.10.17"]
[SourceQuality "1"]
[WhiteTeam "Bayern II"]
[BlackTeam "Berlin"]
[WhiteTeamCountry "GER"]
[BlackTeamCountry "GER"]

1. e4 c5 2. Nf3 Nc6 3. d4 cxd4 4. Nxd4 Nf6 5. Nc3 e5 6. Ndb5 d6 7. Bg5 a6 8. Na3 b5 9. Bxf6 gxf6 10. Nd5 Bg7 11. Qh5 f5 12. Bd3 Be6 13. 0-0 f4 14. c3 0-0 15. Nc2 f5 16. Ne1 Bxd5 17. exd5 Ne7 18. Nf3 h6 19. Nh4 Qe8 20. Qe2 e4 21. Bc2 Bf6 22. Nxf5 Nxf5 23. Bxe4 Bg7 24. Rfe1 Qf7 25. Rad1 Rae8 26. Qg4 Ne3 27. fxe3 Rxe4 28. exf4 Rxe1+ 29. Rxe1 Qxf4 30. Qxf4 Rxf4 31. Re8+ Kf7 32. Ra8 Rf5 33. Ra7+ Kf6 34. Rxa6 Rxd5 35. Kf1 Ke6 36. Ke2 Rg5 37. Kf3 Rf5+ 38. Ke2 Be5 39. h3 Bg3 40. b3 h5 41. a4 bxa4 42. Rxa4 h4 43. Re4+ Kd5 44. Kd3 Rf2 45. Re2 Rxe2 46. Kxe2 Ke4 47. Kd2 Be5 48. b4 d5 49. b5 Bc7 50. Ke2 Ba5 51. g3 hxg3 52. h4 Bb6 53. Kf1 Kf3 0-1

[Event "Bayern-chI Bank Hofmann 21st"]
[Site "Tegernsee"]
[Date "2017.10.30"]
[Round "3"]
[White "Iturrizaga Bonelli, Eduardo"]
[Black "Danninger, Jannik"]
[Result "1-0"]
[WhiteElo "2665"]
[BlackElo "1606"]
[PlyCount "87"]
[EventDate "2017.10.28"]
[EventType "swiss"]
[EventRounds "9"]
[EventCountry "GER"]
[SourceTitle "CBM 181 Extra"]
[Source "ChessBase"]
[SourceDate "2017.12.12"]
[SourceVersion "1"]
[SourceVersionDate "2017.12.12"]
[SourceQuality "1"]

1. Nf3 d5 2. c4 e6 3. g3 Nf6 4. Bg2 Be7 5. 0-0 0-0 6. d4 c5 7. cxd5 Nxd5 8. e4 Nf6 9. Nc3 cxd4 10. Nxd4 e5 11. Nb3 Bg4 12. Qc2 Nc6 13. h3 Be6 14. Rd1 Bxb3 15. Qxb3 Qc7 16. Be3 Rfd8 17. Rac1 Na5 18. Qa4 Rxd1+ 19. Qxd1 Qd8 20. Nd5 Bd6 21. Bg5 Be7 22. Bxf6 Bxf6 23. Rc7 Rb8 24. Bf1 a6 25. Rd7 Qf8 26. b4 Nc6 27. Nxf6+ gxf6 28. Bc4 Nd8 29. a3 Kh8 30. Rc7 b5 31. Bb3 Qe8 32. Qd6 Ne6 33. Re7 Qf8 34. Bxe6 fxe6 35. Qxe6 Qh6 36. Rf7 Rf8 37. Rxf8+ Qxf8 38. Qxa6 Qd8 39. Qxb5 Qd1+ 40. Kg2 Qd4 41. Qb7 Qd3 42. a4 h5 43. a5 Qd8 44. a6 1-0